|
|
|
|
| LEADER |
01480nam a22003017a 4500 |
| 001 |
40573 |
| 003 |
BD-DhAAL |
| 008 |
220315t2017 bg ||||| b||| 000 0 ben d |
| 020 |
|
|
|a 978984928728
|
| 040 |
|
|
|a BD-DhAAL
|c BD-DhAAL
|
| 041 |
|
|
|a ben
|
| 082 |
|
|
|a 891.44
|2 23
|
| 100 |
|
|
|a হালদার, গোপাল
|9 46987
|
| 245 |
|
|
|a বাঙলা সাহিত্যের রূপরেখা,
|n অখণ্ড /
|c গোপাল হালদার.
|
| 246 |
|
|
|a Bangla shahityear ruprekha
|
| 250 |
|
|
|a প্রথম সংস্করণ
|
| 260 |
|
|
|a ঢাকা :
|b মাটিগন্ধা,
|c ২০১৭.
|
| 300 |
|
|
|a ৪২৩ পৃষ্ঠা ;
|c ২২ সে.মি.
|
| 362 |
|
|
|a অখণ্ড
|
| 504 |
|
|
|a গ্রন্থপঞ্জিগত নির্দেশিকা অন্তর্ভুক্ত।
|
| 541 |
|
|
|a Development Book Agency
|e 40573, 40574
|
| 650 |
|
|
|a Bengali literature.
|9 46988
|
| 650 |
|
|
|a Bengali literature
|x History.
|
| 852 |
|
|
|a Ayesha Abed Library
|c General Stacks
|
| 942 |
|
|
|2 ddc
|c BK
|
| 999 |
|
|
|c 45270
|d 45270
|
| 952 |
|
|
|0 0
|1 0
|2 ddc
|4 0
|6 891_440000000000000_HAL
|7 0
|9 72645
|a SCL
|b SCL
|c GEN
|d 2023-01-04
|e Development Book Agency
|g 382.00
|l 1
|m 3
|o 891.44 HAL
|p 3020040573
|r 2026-02-25
|s 2026-01-20
|t 1
|v 382.00
|w 2023-01-04
|y BK
|
| 952 |
|
|
|0 0
|1 0
|2 ddc
|4 0
|6 891_440000000000000_HAL
|7 0
|9 72646
|a SCL
|b SCL
|c GEN
|d 2023-01-04
|e Development Book Agency
|g 382.00
|l 1
|o 891.44 HAL
|p 3020040574
|r 2025-11-19
|s 2024-01-30
|t 2
|v 382.00
|w 2023-01-04
|y BK
|